|
|
|
|
| LEADER |
00000nas1a2200000 4500 |
| 001 |
379725 |
| 005 |
20231101062627.0 |
| 035 |
|
|
|a (RuTPU)RU\TPU\prd\131
|
| 035 |
|
|
|a PERI00000131
|
| 090 |
|
|
|a 379725
|
| 100 |
|
|
|a 20011210b k y0rusy50 ca
|
| 101 |
0 |
|
|a rus
|
| 102 |
|
|
|a RU
|
| 110 |
|
|
|a ayaz|||0uu0
|
| 200 |
1 |
|
|a Бюллетень Постоянной Центральной Сейсмической Комиссии
|e научный журнал
|
| 210 |
|
|
|a Санкт-Петербург
|c Типография Императорской Академии Наук
|d 1912-1914
|
| 610 |
1 |
|
|a землетрясения
|
| 610 |
1 |
|
|a сейсмические воздействия
|
| 610 |
1 |
|
|a сейсмические исследования
|
| 610 |
1 |
|
|a сейсмические наблюдения
|
| 610 |
1 |
|
|a сейсмические станции
|
| 675 |
|
|
|a 550.34
|v 3
|
| 801 |
|
0 |
|a RU
|b 63413507
|c 20011210
|g PSBO
|
| 801 |
|
2 |
|a RU
|b 63413507
|c 20141023
|g PSBO
|
| 942 |
|
|
|c CR
|